[Event "34th Zalakaros Open 2015"]
[Site "Zalakaros HUN"]
[Date "2015.05.21"]
[Round "8.6"]
[White "Bluebaum, Matthias"]
[Black "Romanishin, Oleg M"]
[Result "1-0"]
[WhiteTitle "IM"]
[BlackTitle "GM"]
[WhiteElo "2594"]
[BlackElo "2466"]
[WhiteFideId "24651516"]
[BlackFideId "14100088"]
[EventDate "2015.05.14"]

1. d4 Nf6 2. c4 e6 3. Nf3 b6 4. g3 Ba6 5. b3 Bb7 6. Bg2 Bb4+ 7. Bd2 a5 8. O-O
O-O 9. Qc2 h6 10. Bc3 d5 11. a3 Be7 12. Bb2 Ne4 13. Nbd2 Nxd2 14. Nxd2 c6 15. e4
Nd7 16. Rad1 Rc8 17. Qb1 Qc7 18. Rfe1 Rfe8 19. Nf1 b5 20. exd5 cxd5 21. cxb5 a4
22. Ne3 Qa5 23. Qd3 axb3 24. Qxb3 Nb6 25. Bf1 Qa4 26. Rd3 Rc7 27. Rb1 Rec8 28.
Bc3 Ra8 29. Bb4 Qxb3 30. Rbxb3 Kf8 31. Rdc3 Rxc3 32. Bxe7+ Kxe7 33. Rxc3 Kd6 34.
Bd3 Na4 35. Rb3 Bc8 36. Kf1 Nb6 37. Ke1 Ra4 38. Nc2 Bd7 39. Kd2 f6 40. f4 e5 41.
fxe5+ fxe5 42. dxe5+ Kxe5 43. Rb1 h5 44. Rf1 h4 45. Rf8 hxg3 46. hxg3 Kd6 47.
Be2 g5 48. Rg8 g4 49. Nb4 Rxa3 50. Rg6+ Be6 51. Bxg4 Nc4+ 52. Ke2 Re3+ 53. Kf2
Re4 54. Bf5 Re5 55. g4 Kd7 56. Nd3 Bxf5 57. Nxe5+ Nxe5 58. gxf5 1-0

[Event "34th Zalakaros Open 2015"]
[Site "Zalakaros HUN"]
[Date "2015.05.21"]
[Round "8.7"]
[White "Raznikov, Danny"]
[Black "Wagner, Dennis"]
[Result "1-0"]
[WhiteTitle "IM"]
[BlackTitle "IM"]
[WhiteElo "2484"]
[BlackElo "2572"]
[WhiteFideId "2811154"]
[BlackFideId "24650684"]
[EventDate "2015.05.14"]

1. d4 Nf6 2. c4 e6 3. g3 d5 4. Nf3 dxc4 5. Bg2 a6 6. O-O Nc6 7. e3 Bd7 8. Qe2
Bd6 9. Qxc4 O-O 10. Nbd2 e5 11. dxe5 Nxe5 12. Nxe5 Bxe5 13. Qe2 Bg4 14. f3 Bf5
15. e4 Bd7 16. Nc4 Bb5 17. Be3 Bd4 18. Rfc1 Qd7 19. Bxd4 Qxd4+ 20. Qe3 Qd7 21.
Ne5 Qe6 22. f4 Nd7 23. Nf3 c5 24. Ng5 Qb6 25. e5 Bc6 26. Bxc6 Qxc6 27. Rd1 Rfe8
28. Qe4 Qxe4 29. Nxe4 Re7 30. Rd6 c4 31. Kf2 Nf8 32. Kf3 Rc7 33. a4 Ne6 34. Rad1
Kf8 35. Rd7 Rac8 36. R1d5 Rxd7 37. Rxd7 Rc7 38. Rxc7 Nxc7 39. a5 Nd5 40. Nd6 b5
41. axb6 Nxb6 42. Ke4 Ke7 43. Kd4 c3 44. Kxc3 f6 45. Kd4 fxe5+ 46. fxe5 h5 47.
Nf5+ Kf7 48. e6+ Kxe6 49. Nxg7+ Kf6 50. Nxh5+ Kg5 51. Nf4 Kg4 52. Nd5 Nd7 53.
Nb4 Kh3 54. Nxa6 Kxh2 55. Nc5 Nb8 56. Kd5 Kxg3 57. Kd6 Kf4 58. Kc7 Ke5 59. Kxb8
Kd4 60. b4 Kc4 61. Nd3 Kd5 1-0

[Event "34th Zalakaros Open 2015"]
[Site "Zalakaros HUN"]
[Date "2015.05.21"]
[Round "8.8"]
[White "Diermair, Andreas"]
[Black "Vajda, Levente"]
[Result "0-1"]
[WhiteTitle "IM"]
[BlackTitle "GM"]
[WhiteElo "2488"]
[BlackElo "2554"]
[WhiteFideId "1612468"]
[BlackFideId "1203975"]
[EventDate "2015.05.14"]

1. d4 Nf6 2. c4 g6 3. Nf3 Bg7 4. Nc3 O-O 5. e4 d6 6. Be2 e5 7. O-O Nc6 8. d5 Ne7
9. b4 a5 10. Ba3 axb4 11. Bxb4 b6 12. a4 Ne8 13. Qb3 Kh8 14. Nb5 f5 15. Nd2 c5
16. dxc6 Nxc6 17. Bc3 Be6 18. Qb2 Nf6 19. exf5 gxf5 20. f4 Qe7 21. Kh1 Rad8 22.
h3 Ne4 23. Nxe4 fxe4 24. Qc2 Bf5 25. fxe5 dxe5 26. Rxf5 Rxf5 27. Qxe4 Rf6 28.
Bd3 Rh6 29. Re1 Qd7 30. Re3 Nd4 31. Rg3 Bf6 32. Qe3 Rh4 33. Be4 Qe7 34. Qe1 Rf4
35. Re3 Qd7 36. Kh2 Bg7 37. Rg3 Bf6 38. Re3 Bg7 39. Rg3 Re8 40. Bd5 Nf5 41. Bxe5
Nxg3 42. Bxg7+ Qxg7 43. Qxe8+ Rf8 44. Qe1 Nf5 45. Bf3 Qf6 46. Bd5 h5 47. Nc3 h4
48. Bf3 Qd6+ 49. Kg1 Qd4+ 50. Kh2 Qf4+ 51. Kg1 Qe3+ 52. Qxe3 Nxe3 53. c5 bxc5
54. Kf2 Nf5 55. Nb5 Rf6 56. Ke2 Ra6 57. Nc3 Kg7 58. Kd3 Nd6 59. Ke3 Rb6 60. Bd5
Kf6 61. Kf4 Rb4+ 62. Ke3 Ke5 63. Bc6 Nf5+ 64. Kd3 Rd4+ 65. Ke2 c4 66. Nb5 Rd3
67. a5 Nd4+ 68. Nxd4 Kxd4 69. a6 Ra3 70. Bb7 Kc3 71. Kf3 Kb2+ 72. Kg4 c3 0-1

[Event "34th Zalakaros Open 2015"]
[Site "Zalakaros HUN"]
[Date "2015.05.21"]
[Round "8.9"]
[White "Smith, Bryan G"]
[Black "Szabo, Gergely-Andras-Gyula"]
[Result "1/2-1/2"]
[WhiteTitle "GM"]
[BlackTitle "GM"]
[WhiteElo "2467"]
[BlackElo "2548"]
[WhiteFideId "2017083"]
[BlackFideId "1205064"]
[EventDate "2015.05.14"]

1. e4 d5 2. exd5 Qxd5 3. Nc3 Qd6 4. d4 c6 5. Ne4 Qe6 6. Qe2 Nd7 7. Nf3 Ngf6 8.
Nxf6+ Nxf6 9. Ne5 g6 10. Qf3 Nd7 11. Qe4 Nb6 12. Bd3 Bg7 13. O-O O-O 14. Qh4 f6
15. Nxg6 hxg6 16. Bxg6 Rd8 17. Bd2 f5 18. Qh7+ Kf8 19. Rfe1 Qg8 20. Qh4 Nd5 21.
c4 Nf6 22. Bb4 Be6 23. Bxe7+ Kxe7 24. Bxf5 Rd6 25. d5 Qh8 26. Qg3 cxd5 27. Bxe6
Rxe6 28. Qc7+ Nd7 29. Rxe6+ Kxe6 30. cxd5+ Ke7 31. Re1+ Be5 32. f4 Rc8 33. Qxb7
Kd8 34. fxe5 Qh4 35. Rd1 Qg4 36. Qb3 Rb8 37. Qf3 Qxf3 38. gxf3 Nxe5 39. f4 Ng6
40. f5 Ne5 41. b3 Rc8 1/2-1/2

[Event "34th Zalakaros Open 2015"]
[Site "Zalakaros HUN"]
[Date "2015.05.21"]
[Round "8.10"]
[White "Donchenko, Alexander"]
[Black "Deac, Bogdan-Daniel"]
[Result "1/2-1/2"]
[WhiteTitle "IM"]
[BlackTitle "IM"]
[WhiteElo "2570"]
[BlackElo "2437"]
[WhiteFideId "24603295"]
[BlackFideId "1226380"]
[EventDate "2015.05.14"]

1. Nf3 d6 2. d4 g6 3. g3 Bg7 4. Bg2 Nd7 5. c4 e5 6. Nc3 Ne7 7. O-O O-O 8. e3 h6
9. b3 Nf5 10. Bb2 exd4 11. exd4 Re8 12. Qd2 Nf6 13. Rfe1 Bd7 14. b4 Rxe1+ 15.
Rxe1 Qf8 16. b5 a6 17. a4 axb5 18. cxb5 c6 19. Qd3 Qd8 20. Nd2 Ne8 21. Nb3 d5
22. a5 Ned6 23. bxc6 bxc6 24. Na4 Nc4 25. Bc3 Nxa5 26. Nxa5 Rxa5 27. Nc5 Ra3 28.
Qd2 Bc8 29. Qb2 Ra8 30. Nd3 Nd6 31. Ne5 Bd7 32. Bb4 Nc4 33. Nxc4 dxc4 34. Bc5
Qa5 35. Qc1 Rb8 36. Re7 Qa2 37. Be4 Be6 38. Qf4 Rb1+ 39. Kg2 c3 40. Rxe6 fxe6
41. Bxg6 Rb7 42. Qf3 Rd7 43. Qxc3 Qd5+ 44. Kg1 Bxd4 45. Bxd4 Qxd4 46. Qxc6 Qd1+
47. Kg2 Qd5+ 48. Be4 Qxc6 49. Bxc6 Rd4 50. h4 Kg7 51. Kh3 Kf6 52. f4 e5 53.
fxe5+ Kxe5 54. Kg2 Rd3 55. Bb7 Kd4 56. Bc6 Ke3 57. Bb7 Rd7 58. Bc6 Rd2+ 59. Kg1
Rb2 1/2-1/2

[Event "34th Zalakaros Open 2015"]
[Site "Zalakaros HUN"]
[Date "2015.05.21"]
[Round "8.11"]
[White "Horvath, Jozsef1"]
[Black "Banusz, Tamas"]
[Result "1/2-1/2"]
[WhiteTitle "GM"]
[BlackTitle "GM"]
[WhiteElo "2538"]
[BlackElo "2590"]
[WhiteFideId "700061"]
[BlackFideId "722413"]
[EventDate "2015.05.14"]

1. d4 d5 2. c4 c6 3. Nc3 Nf6 4. e3 e6 5. Nf3 a6 6. Bd3 dxc4 7. Bxc4 b5 8. Be2 c5
9. O-O Bb7 10. dxc5 Bxc5 11. Qxd8+ Kxd8 12. Nd2 Bd6 13. Nb3 Ke7 14. Na5 1/2-1/2

[Event "34th Zalakaros Open 2015"]
[Site "Zalakaros HUN"]
[Date "2015.05.21"]
[Round "8.12"]
[White "Sadzikowski, Daniel"]
[Black "Burmakin, Vladimir"]
[Result "1-0"]
[WhiteTitle "IM"]
[BlackTitle "GM"]
[WhiteElo "2494"]
[BlackElo "2585"]
[WhiteFideId "1132253"]
[BlackFideId "4105109"]
[EventDate "2015.05.14"]

1. d4 d5 2. c4 c6 3. Nc3 Nf6 4. Nf3 a6 5. Qc2 b5 6. e4 dxc4 7. b3 cxb3 8. axb3
e6 9. e5 Nd5 10. Nxd5 cxd5 11. Bg5 Bb4+ 12. Kd1 Be7 13. Bxe7 Kxe7 14. Qc5+ Ke8
15. Bxb5+ Bd7 16. Be2 Qe7 17. Kd2 Bc6 18. b4 Kd7 19. Ra5 Rc8 20. Rha1 Bb7 21.
Qxe7+ Kxe7 22. b5 Rc7 23. Ne1 Nd7 24. bxa6 Bc8 25. Bb5 Nb6 26. Nd3 Bd7 27. Nc5
Bxb5 28. Rxb5 Nd7 29. Rb7 Kd8 30. Rxc7 Kxc7 31. Nxd7 Kxd7 32. a7 Kc6 33. Kc3 Kb6
34. Kb4 g5 35. g4 h6 36. h3 Rxa7 37. Rxa7 Kxa7 38. Kc5 Ka6 39. Kd6 Kb5 40. Ke7
Kc4 41. Kxf7 Kxd4 42. Kxe6 Kc4 43. Kf5 d4 44. e6 d3 45. e7 d2 46. e8=Q d1=Q 47.
Qc6+ Kb4 48. Qxh6 Qd5+ 49. Kg6 Qf3 50. Qxg5 Qxf2 51. Qe7+ Ka4 52. h4 Qc2+ 53.
Kh5 Qd1 54. Qe6 Ka3 55. Kh6 Qd8 56. h5 1-0

[Event "34th Zalakaros Open 2015"]
[Site "Zalakaros HUN"]
[Date "2015.05.21"]
[Round "8.13"]
[White "Varga, Zoltan"]
[Black "Kovchan, Alexander"]
[Result "0-1"]
[WhiteTitle "GM"]
[BlackTitle "GM"]
[WhiteElo "2473"]
[BlackElo "2585"]
[WhiteFideId "700509"]
[BlackFideId "14103052"]
[EventDate "2015.05.14"]

1. e4 d5 2. exd5 Qxd5 3. Nc3 Qd6 4. d4 Nf6 5. Bg5 a6 6. Qd2 b5 7. O-O-O Bb7 8.
f3 Nbd7 9. Nh3 Nb6 10. Bd3 O-O-O 11. Kb1 e6 12. Ne4 Nxe4 13. Bxe4 Be7 14. Bf4
Nc4 15. Qe2 Qb6 16. c3 h6 17. Bd3 Bd5 18. Bc1 g5 19. Nf2 c5 20. dxc5 Qxc5 21. b3
Na3+ 22. Ka1 Qxc3+ 23. Bb2 Qa5 24. Be4 Rhe8 25. Ng4 f5 26. Bxd5 exd5 27. Qe6+
Kb7 28. Qxf5 Bb4 29. Qd3 d4 30. f4 Bc3 31. Ne5 b4 32. Qh7+ Qc7 33. Qe4+ Kb6 34.
Rc1 gxf4 35. Rhe1 Qd6 36. Rxc3 dxc3 37. Bxa3 Rxe5 0-1

[Event "34th Zalakaros Open 2015"]
[Site "Zalakaros HUN"]
[Date "2015.05.21"]
[Round "8.14"]
[White "Prohaszka, Peter2"]
[Black "Sagar, Shah"]
[Result "1-0"]
[WhiteTitle "GM"]
[BlackTitle "IM"]
[WhiteElo "2582"]
[BlackElo "2436"]
[WhiteFideId "726265"]
[BlackFideId "5022509"]
[EventDate "2015.05.14"]

1. d4 Nf6 2. c4 e6 3. Nf3 Bb4+ 4. Bd2 Qe7 5. g3 Bxd2+ 6. Qxd2 Nc6 7. Nc3 d5 8.
Ne5 dxc4 9. Bg2 O-O 10. Bxc6 bxc6 11. O-O c5 12. Rfd1 Bb7 13. dxc5 Qxc5 14. Qd4
Qxd4 15. Rxd4 Bd5 16. f3 Rab8 17. e4 c5 18. Rd2 Bb7 19. Rad1 g5 20. Kf2 Rfc8 21.
Ke3 Bc6 22. Nxc4 Kg7 23. Ne5 Be8 24. Nc4 Rb4 25. b3 Bc6 26. Rd8 Rc7 27. R1d6 h5
28. Na5 Rb6 29. Nxc6 Rcxc6 30. Rxc6 Rxc6 31. e5 Ng8 32. Rd7 a5 33. Kd3 g4 34. f4
Nh6 35. Ne4 a4 36. bxa4 c4+ 37. Kc3 Nf5 38. Kb4 Ne3 39. Nc3 Nf1 40. a5 Nxh2 41.
Rd1 Nf3 42. Kb5 Rc8 43. a6 h4 44. gxh4 g3 45. a7 g2 46. Ka6 g1=Q 47. Rxg1+ Nxg1
48. Kb7 Re8 49. a8=Q Rxa8 50. Kxa8 Nh3 51. Ne2 Kg6 52. a4 Kf5 53. h5 c3 54. h6
Kg6 55. a5 c2 56. a6 Nxf4 1-0

[Event "34th Zalakaros Open 2015"]
[Site "Zalakaros HUN"]
[Date "2015.05.21"]
[Round "8.15"]
[White "Ruck, Robert"]
[Black "Kreisl, Robert"]
[Result "0-1"]
[WhiteTitle "GM"]
[BlackTitle "IM"]
[WhiteElo "2562"]
[BlackElo "2420"]
[WhiteFideId "705713"]
[BlackFideId "1613880"]
[EventDate "2015.05.14"]

1. Nf3 c5 2. c4 Nc6 3. Nc3 g6 4. e3 Nf6 5. d4 cxd4 6. exd4 d5 7. Bg5 Be6 8. Bxf6
exf6 9. cxd5 Bxd5 10. Bb5 Bb4 11. O-O Bxc3 12. bxc3 O-O 13. Ba4 Rc8 14. Bb3 Na5
15. Rc1 Re8 16. Nd2 Re7 17. Re1 Rec7 18. Re3 Kg7 19. h3 Bxb3 20. Nxb3 Nc4 21.
Re2 Qd5 22. Qe1 Nd6 23. Kh2 b6 24. Rcc2 Nb5 25. Re3 Qf5 26. Rc1 a5 27. a4 Nd6
28. Kg1 Qd5 29. Qd1 Nf5 30. Rd3 Nh4 31. f3 Qg5 32. Qd2 Qd5 33. Qd1 Nf5 34. Nd2
Rxc3 35. Rcxc3 Rxc3 36. Rxc3 Qxd4+ 37. Kh1 Qxc3 38. Ne4 Qb2 39. Qe1 Qd4 40. Qb1
Ne3 41. Qa2 Qd1+ 42. Kh2 Nf1+ 43. Kg1 Ng3+ 44. Kf2 Nxe4+ 45. fxe4 Qd4+ 46. Kf3
Qd3+ 47. Kf2 Qxe4 48. Qb3 h5 0-1

[Event "34th Zalakaros Open 2015"]
[Site "Zalakaros HUN"]
[Date "2015.05.21"]
[Round "8.16"]
[White "Vajda, Szidonia"]
[Black "Gonda, Laszlo"]
[Result "0-1"]
[WhiteTitle "IM"]
[BlackTitle "GM"]
[WhiteElo "2333"]
[BlackElo "2553"]
[WhiteFideId "723894"]
[BlackFideId "720852"]
[EventDate "2015.05.14"]

1. e4 c5 2. Nf3 e6 3. g3 Nc6 4. Bg2 Nf6 5. Qe2 e5 6. c3 Be7 7. O-O O-O 8. Rd1 d5
9. exd5 Qxd5 10. d3 Rd8 11. c4 Qd6 12. Nc3 Bf5 13. Nb5 Qb8 14. Bg5 h6 15. Bxf6
Bxf6 16. h3 Qc8 17. g4 Be6 18. Nc3 Nd4 19. Nxd4 Rxd4 20. Nd5 Bxd5 21. Bxd5 Rf4
22. Re1 Qc7 23. Qe3 e4 24. Qg3 Bd4 25. Re2 e3 26. f3 Be5 27. Qe1 Rf6 28. Kg2 Bf4
29. Qc3 Be5 30. Qe1 Bf4 31. Qc3 Rd8 32. d4 b6 33. Rd1 h5 34. dxc5 bxc5 35. Qd3
Re8 36. Be4 Rd6 37. Qc2 hxg4 38. hxg4 Rh6 39. Rh1 Ree6 40. Ree1 Qa5 41. Rd1 Rxh1
42. Rxh1 Qd2+ 43. Qxd2 exd2 44. b3 Kf8 45. a3 a5 46. g5 Bxg5 47. Kg3 f5 48. Bc2
Re1 49. Kg2 Ke7 50. Rf1 Bf4 51. b4 cxb4 52. axb4 axb4 53. c5 Rc1 54. Ba4 Rxc5
55. Rb1 Rc4 56. Kf2 b3 57. Bxb3 Rc1 0-1

[Event "34th Zalakaros Open 2015"]
[Site "Zalakaros HUN"]
[Date "2015.05.21"]
[Round "8.17"]
[White "Horvath, Csaba"]
[Black "Csonka, Balazs"]
[Result "1/2-1/2"]
[WhiteTitle "GM"]
[BlackTitle "FM"]
[WhiteElo "2549"]
[BlackElo "2433"]
[WhiteFideId "700118"]
[BlackFideId "742910"]
[EventDate "2015.05.14"]

1. d4 d5 2. c4 c6 3. Nf3 Nf6 4. Qb3 dxc4 5. Qxc4 Bg4 6. Bf4 Nbd7 7. Nbd2 Qa5 8.
Qb3 Nd5 9. Bg3 N5b6 10. a3 g6 11. e3 Bxf3 12. gxf3 Bg7 13. h4 e5 14. dxe5 Bxe5
15. O-O-O O-O-O 16. Bxe5 Nxe5 17. f4 Ng4 18. Bh3 f5 19. Bxg4 fxg4 20. Qe6+ Kb8
21. Qxg4 Qc5+ 22. Kb1 Qb5 23. f5 1/2-1/2

[Event "34th Zalakaros Open 2015"]
[Site "Zalakaros HUN"]
[Date "2015.05.21"]
[Round "8.18"]
[White "Onischuk, Vladimir"]
[Black "Meszaros, Tamas"]
[Result "1-0"]
[WhiteTitle "GM"]
[BlackTitle "IM"]
[WhiteElo "2669"]
[BlackElo "2421"]
[WhiteFideId "14114038"]
[BlackFideId "717410"]
[EventDate "2015.05.14"]

1. e4 e5 2. Nf3 Nc6 3. Bb5 a6 4. Ba4 Nf6 5. d3 d6 6. c3 Be7 7. O-O O-O 8. Re1
Bg4 9. Nbd2 Nd7 10. h3 Bh5 11. Bc2 Nc5 12. g4 Bg6 13. d4 Nd7 14. d5 Na7 15. c4
c6 16. Nf1 b5 17. b3 bxc4 18. bxc4 cxd5 19. cxd5 Qc7 20. a4 Rfc8 21. Re2 Rab8
22. Ng3 Qc3 23. Ra3 Qc4 24. h4 Nf6 25. Ne1 h5 26. g5 Nd7 27. Be3 Nc5 28. Nd3
Nxe4 29. Bxa7 Rb7 30. Nxe4 Bxe4 31. Rxe4 Qxe4 32. Nc5 Qc4 33. Nxb7 Qxc2 34. Qxc2
Rxc2 35. Na5 f6 36. Nc6 Bf8 37. Rb3 fxg5 38. hxg5 Rc4 39. Rb4 Rc1+ 40. Kg2 g6
41. Rb6 1-0

[Event "34th Zalakaros Open 2015"]
[Site "Zalakaros HUN"]
[Date "2015.05.21"]
[Round "8.19"]
[White "Antal, Gergely"]
[Black "Kantor, Gergely"]
[Result "1/2-1/2"]
[WhiteTitle "GM"]
[BlackTitle "IM"]
[WhiteElo "2511"]
[BlackElo "2402"]
[WhiteFideId "717312"]
[BlackFideId "751499"]
[EventDate "2015.05.14"]

1. e4 e5 2. Nf3 Nc6 3. Bc4 Bc5 4. c3 Nf6 5. b4 Bb6 6. d3 d6 7. a4 a5 8. b5 Ne7
9. O-O O-O 10. Bg5 Ng6 11. Nh4 Bg4 12. Qd2 Nxh4 13. Bxh4 Nxe4 14. dxe4 Qxh4 15.
Bd5 Kh8 16. Na3 f5 17. Nc4 Bc5 18. exf5 Rxf5 19. Ne3 Rf6 20. Nxg4 Qxg4 21. Kh1
Raf8 22. f3 Qc8 23. c4 c6 24. Be4 Bd4 25. Rab1 Qc7 26. g3 Qf7 27. bxc6 bxc6 28.
Bxc6 Qxc4 29. Rfc1 Qf7 30. Rb7 Qh5 31. Rcb1 Bc5 32. Rb8 Bb4 33. R1xb4 axb4 34.
Qxd6 Qf7 35. Qxb4 1/2-1/2

[Event "34th Zalakaros Open 2015"]
[Site "Zalakaros HUN"]
[Date "2015.05.21"]
[Round "8.20"]
[White "Gledura, Benjamin"]
[Black "Dragnev, Valentin"]
[Result "1/2-1/2"]
[WhiteTitle "IM"]
[BlackTitle "FM"]
[WhiteElo "2478"]
[BlackElo "2385"]
[WhiteFideId "712779"]
[BlackFideId "1634852"]
[EventDate "2015.05.14"]

1. d4 Nf6 2. c4 e6 3. Nf3 d5 4. g3 Bb4+ 5. Bd2 Be7 6. Bg2 O-O 7. O-O c6 8. b3
Ne4 9. Nc3 b6 10. Ne5 Nxc3 11. Bxc3 Bb7 12. e4 Nd7 13. exd5 cxd5 14. Rc1 Rc8 15.
Bb2 Nxe5 16. dxe5 Ba6 17. Qg4 dxc4 18. Rfd1 Qe8 19. Bf1 b5 20. bxc4 bxc4 21.
Bxc4 Bxc4 22. Rxc4 Qb5 23. Rxc8 Rxc8 24. Qd4 Bc5 25. Rc1 h6 26. Qd2 Rb8 27. Rc2
Qb6 28. Qe2 Rd8 29. Kg2 Rd5 30. Rd2 Qd8 31. Bc3 Qd7 1/2-1/2

[Event "34th Zalakaros Open 2015"]
[Site "Zalakaros HUN"]
[Date "2015.05.21"]
[Round "8.21"]
[White "Ekdyshman, Mikhail"]
[Black "Nemeth, Miklos1"]
[Result "1/2-1/2"]
[WhiteTitle "IM"]
[BlackTitle "IM"]
[WhiteElo "2362"]
[BlackElo "2478"]
[WhiteFideId "4149416"]
[BlackFideId "720232"]
[EventDate "2015.05.14"]

1. Nf3 Nf6 2. c4 e6 3. g3 d5 4. d4 Be7 5. Bg2 O-O 6. O-O dxc4 7. Qc2 b5 8. a4 b4
9. Ne5 Qxd4 10. Nxc4 c6 11. Be3 Qd8 12. Rd1 Nd5 13. Bd4 Ba6 14. b3 Qc8 15. e4
Nf6 16. Nbd2 Nbd7 17. e5 Nd5 18. Ne4 Qc7 19. Bb2 Rad8 20. h4 Nc5 21. Ng5 g6 22.
Rd4 Nc3 23. Bxc3 bxc3 24. Nd6 Bxd6 25. exd6 Rxd6 26. Rxd6 Qxd6 27. Qxc3 h6 1/2-1/2

[Event "34th Zalakaros Open 2015"]
[Site "Zalakaros HUN"]
[Date "2015.05.21"]
[Round "8.23"]
[White "Havasi, Gergo"]
[Black "Torma, Robert"]
[Result "0-1"]
[BlackTitle "IM"]
[WhiteElo "2319"]
[BlackElo "2440"]
[WhiteFideId "760293"]
[BlackFideId "719030"]
[EventDate "2015.05.14"]

1. b3 e5 2. Bb2 Nc6 3. e3 d5 4. Bb5 Bd6 5. Ne2 Ne7 6. Nbc3 O-O 7. Bxc6 bxc6 8.
O-O Ng6 9. e4 f5 10. exd5 e4 11. d3 Qh4 12. g3 Qh3 13. Kh1 Nh4 14. Rg1 Nf3 15.
Rg2 Bb7 16. dxe4 fxe4 17. Nxe4 cxd5 18. Nxd6 cxd6 19. Nd4 Ne5 20. Qd2 Rae8 21.
Re1 Ba6 22. Qa5 Ng4 23. Qxd5+ Kh8 24. Ne6 Nf6 25. Qc6 Bc8 26. Qxd6 Bb7 27. f3
Bxf3 28. Qd2 Rxe6 29. Rxe6 Qxe6 0-1

[Event "34th Zalakaros Open 2015"]
[Site "Zalakaros HUN"]
[Date "2015.05.21"]
[Round "8.24"]
[White "Korpa, Bence"]
[Black "Gulamali, Kazim"]
[Result "0-1"]
[WhiteTitle "IM"]
[BlackTitle "FM"]
[WhiteElo "2435"]
[BlackElo "2309"]
[WhiteFideId "706671"]
[BlackFideId "2024764"]
[EventDate "2015.05.14"]

1. c4 e6 2. Nf3 Nf6 3. g3 d5 4. Bg2 Be7 5. O-O O-O 6. b3 d4 7. e3 c5 8. exd4
cxd4 9. Bb2 Nc6 10. Re1 Ne8 11. d3 f6 12. a3 a5 13. Nbd2 e5 14. Rc1 Nc7 15. Qc2
Na6 16. Ne4 b6 17. Re2 Bd7 18. h3 Qc8 19. Kh2 f5 20. Ned2 Bf6 21. c5 b5 22. Nxe5
Nxe5 23. Bxa8 Qxa8 24. Bxd4 Nc6 25. Bxf6 Rxf6 26. Nf3 f4 27. g4 Bxg4 28. hxg4
Nd4 29. Re8+ Qxe8 30. Nxd4 f3 31. Nf5 Qe5+ 32. Kh3 h5 33. d4 Qf4 34. Ne3 hxg4+
35. Nxg4 Rf5 36. Qxf5 Qxf5 37. c6 Nc7 38. Kg3 Ne6 39. Rc3 Nxd4 0-1

[Event "34th Zalakaros Open 2015"]
[Site "Zalakaros HUN"]
[Date "2015.05.21"]
[Round "8.25"]
[White "Reznak, Attila"]
[Black "Schachinger, Mario"]
[Result "1/2-1/2"]
[BlackTitle "IM"]
[WhiteElo "2304"]
[BlackElo "2421"]
[WhiteFideId "727407"]
[BlackFideId "1616773"]
[EventDate "2015.05.14"]

1. e4 c5 2. Nf3 d6 3. Bb5+ Nd7 4. d4 cxd4 5. Qxd4 a6 6. Bxd7+ Bxd7 7. Nc3 e5 8.
Qd3 h6 9. Be3 Nf6 10. O-O Rc8 11. a4 Be6 12. Rfd1 Be7 13. a5 Qc7 14. Bb6 Qc6 15.
Ne1 Bc4 16. Qe3 Nd7 17. Qg3 O-O 18. Be3 Kh8 19. Nd3 Nf6 20. Nb4 Qe8 21. Qf3 Be6
22. h3 Rc4 23. Nbd5 Nxd5 24. exd5 Bd7 25. Qe2 Qc8 26. Rf1 f5 27. f4 e4 28. Rfd1
Bf6 29. Qf2 Re8 30. Ra3 Rb4 31. Rb3 Qc4 32. Rxb4 Qxb4 33. Bd4 Bxd4 34. Qxd4 Qxa5
35. Ne2 Rc8 36. c3 Qb5 37. Rd2 Rc4 38. Qf2 Ra4 39. Ng3 b6 40. b4 a5 41. Nh5 Be8
42. Ng3 Bg6 43. bxa5 Qxa5 44. Ne2 Ra1+ 45. Kh2 Qc5 46. Qxc5 bxc5 47. g4 fxg4 48.
Ng3 Re1 49. f5 Bf7 50. hxg4 e3 51. Rd3 c4 52. Rd4 e2 53. Re4 Bxd5 54. Re8+ Kh7
55. Rxe2 Rxe2+ 56. Nxe2 Bf3 57. Nd4 Bxg4 58. Kg3 Bh5 59. Kf4 Bf7 60. Nb5 d5 61.
Nd4 Kg8 62. Ke5 h5 63. Nf3 Kf8 64. Nh4 Ke7 65. Nf3 Kd7 66. Nh4 Kc6 67. Nf3 Kc5
68. Kf4 Kd6 69. Kg5 d4 70. Nxd4 Ke5 71. Nb5 Be8 72. Nd4 Bd7 73. Kxh5 Bxf5 74.
Kg5 Bh7 75. Nb5 Ke4 76. Kg4 Ke3 77. Kg5 Bb1 78. Na3 Bd3 79. Nb5 Be4 80. Kh5 Kd3
81. Kg5 1/2-1/2

[Event "34th Zalakaros Open 2015"]
[Site "Zalakaros HUN"]
[Date "2015.05.21"]
[Round "8.26"]
[White "Warakomska, Anna"]
[Black "Bagi, Mate"]
[Result "1/2-1/2"]
[WhiteTitle "WFM"]
[BlackTitle "FM"]
[WhiteElo "2260"]
[BlackElo "2417"]
[WhiteFideId "1130790"]
[BlackFideId "742570"]
[EventDate "2015.05.14"]

1. e4 e5 2. Nf3 Nc6 3. Bb5 Nge7 4. Nc3 d6 5. d4 a6 6. Be2 Nxd4 7. Nxd4 exd4 8.
Qxd4 Nc6 9. Qd3 g6 10. Bf4 Bg7 11. Qd2 Be6 12. O-O O-O 13. Bh6 Qf6 14. Bxg7 Qxg7
15. Rad1 Rae8 16. Rfe1 Kh8 17. Nd5 f5 18. Bd3 Bxd5 19. exd5 Ne5 20. f4 Ng4 21.
c3 Nf6 22. Bc2 Qf7 23. c4 Kg8 24. g3 Rxe1+ 25. Rxe1 Re8 26. a4 Re7 27. a5 Qe8
28. Rxe7 Qxe7 29. Kf2 Ng4+ 30. Kf3 b6 31. axb6 cxb6 32. h3 Nf6 33. Qd4 Nd7 34.
b4 Qe1 35. Ba4 Qf1+ 36. Ke3 Qg1+ 37. Kd3 Qb1+ 38. Ke3 Qg1+ 39. Kd3 Qxg3+ 40. Ke2
Qg2+ 41. Ke1 Nf8 42. Qxb6 Qe4+ 43. Kd1 Qd3+ 44. Ke1 Qe4+ 45. Kd1 Qxf4 46. Qxa6
Qd4+ 47. Kc2 f4 48. Qxd6 Qxc4+ 49. Kb2 f3 50. Qf6 Qxb4+ 51. Bb3 Qd2+ 52. Ka3
Qa5+ 53. Kb2 Qd2+ 54. Ka3 1/2-1/2

[Event "34th Zalakaros Open 2015"]
[Site "Zalakaros HUN"]
[Date "2015.05.21"]
[Round "8.27"]
[White "Paszewski, Mateusz"]
[Black "Nagy, Gabor1"]
[Result "1-0"]
[BlackTitle "IM"]
[WhiteElo "2200"]
[BlackElo "2396"]
[WhiteFideId "1141058"]
[BlackFideId "737119"]
[EventDate "2015.05.14"]

1. Nf3 d5 2. c4 e6 3. b3 Nf6 4. g3 a5 5. Bg2 Nc6 6. cxd5 exd5 7. O-O Be7 8. Bb2
O-O 9. d3 Nd7 10. Nc3 Nb6 11. Rc1 Be6 12. Nb5 Rc8 13. Qd2 a4 14. Nbd4 Nxd4 15.
Nxd4 Bd7 16. e3 c5 17. Ne2 Bc6 18. Ba3 Nd7 19. d4 Bb5 20. Rfd1 axb3 21. axb3
Bxe2 22. Qxe2 Qa5 23. Bxc5 Nxc5 24. dxc5 Bxc5 25. Bxd5 b6 26. Bc4 Qa7 27. Rd5
Qe7 28. Rcd1 Rc7 29. Qg4 g6 30. Rd7 Rxd7 31. Rxd7 Qf6 32. Kg2 Kh8 33. Qe4 Kg7
34. Qf3 Qxf3+ 35. Kxf3 g5 36. g4 Kf6 37. Rb7 Kg7 38. Kg2 h6 39. h3 Kg8 40. Kf1
Kg7 41. Ke2 Kg8 42. Bd5 Kg7 43. Kd3 Kf6 44. Kc4 Rc8 45. Rxf7+ Kg6 46. Kd3 Rf8
47. Rb7 Rxf2 48. b4 Bf8 49. Rxb6+ Rf6 50. Rxf6+ Kxf6 51. Kc4 Ke5 52. b5 Kd6 53.
b6 Bg7 54. b7 Kc7 55. Bc6 Be5 56. Kd5 Bh2 57. e4 Bg3 58. e5 Be1 59. Ke6 Bc3 60.
Bd5 1-0